00498nam a2200181 a 45000010005000000030009000050080041000140400028000550820019000831000035001022450029001372600038001663000015002045900032002196500036002519420012002879990017002995381CO-ViMGA141112s2004 ck r 000 u spa d aCO-ViMGAbspacCO-ViMGA04aR796.323 P373r1 aPerea, Rosero Tucidides91017910aReglamento de baloncesto aBogotá : bPanamerciana, c1997 a193 p : il aDatos de inventario : 0545614aBALONCESTO - REGLAMENTOS910188 2ddccBK c17372d17372